000 00561nam a2200193 a 4500
001 1769935627540
003 YourLibrary
005 20260201143129.0
008 260201s2002##################000#0#eng##
020 _a9781840645613
082 0 4 _a332.4566094
_bMAR
100 1 _aMartin-Das, Jennifer C.,
_eauthor.
245 1 0 _aThe European Monetary Union in a Public Choice Perspective :
260 _bEdward Elgar Publishing,
_c2002.
300 _a344 pages
650 0 _aBusiness & Economics.
942 _cENGLISH
040 _aYourLibrary
_beng
_cYourLibrary
999 _c609683
_d609683